000 00534nam a2200205Ia 4500
005 20250923144452.0
008 008 250917s9999 xx 000 0 eng d
037 _aTextual
040 _aDSWL
_beng
_cDSWL
041 _aeng
_2eng
084 _qDSWL
100 _aTrecker, Harleigh B
_9825216
245 0 _aSocial group work
_cby Harleigh B Trecker
260 _aNew York
_b Women's Press
_c1948
300 _avi,313p.
365 _aUSD
_b5.75
925 _g5.75
942 _cTEXL
999 _c1439271
_d1439271